000 00578nam a2200169 i 4500
001 47992
003 ES-MaACL
005 20230906161655.0
007 t|
008 030715s1890 sp ||||1| spa d
100 1 _aCrespo y Lema, Manuel.
_941558
245 1 3 _aLa circulación de la materia y de la energía en el universo
_b: nuevo ensayo de filosofía natural /
_cpor Manuel Crespo y Lema.
260 _aJerez :
_b[s.n.],
_c1890 (
_eImp. de "El Guadalete", a cargo de Tomás Bueno)
300 _a296 p. ;
_c21 cm.
852 _aES-MaACL
_jF-1840
852 _aES-MaACL
_jG-13154
999 _c47992
_d47992